| 000 | 01137nas a2200385 4500 | ||
|---|---|---|---|
| 001 | BR2014004565 | ||
| 003 | BR-BrBNA | ||
| 005 | 20231205124307.0 | ||
| 007 | ta | ||
| 008 | 230509b bl.|||p| |||| 00| 00por d | ||
| 040 |
_aBR-BrBNA _bpor _cBiblioteca Nacional de Agricultura |
||
| 041 | _a(Pt) | ||
| 072 | _aQ52; Q54 | ||
| 100 | 1 | _aGreghi, G.F. | |
| 100 | 1 | _aBarcelos, B. | |
| 100 | 1 | _aSaran Neto, A. | |
| 100 | 1 | _aVilela, F.G. | |
| 100 | 1 | _aRodrigues, P.H.M. | |
| 100 | 1 | _aMarino, C.T. | |
| 245 | 1 | _aContribuição da inclusão de polpa cítrica e casca de soja para a qualidade da silagem de resíduo úmido de cervejaria | |
| 650 | _aSILAGEM | ||
| 650 | _aPOLPA | ||
| 650 | _aFRUTA CÍTRICA | ||
| 650 | _aCASCA | ||
| 650 | _aSOJA | ||
| 650 | _aMALTE | ||
| 650 | _aBAGAÇO | ||
| 650 | _aADITIVO | ||
| 650 | _aBROMATOLOGIA | ||
| 650 | _aTECNOLOGIA DE ALIMENTO | ||
| 650 | _aFERMENTAÇÃO | ||
| 773 | 0 |
_tArquivo Brasileiro de Medicina Veterinária e Zootecnia (Brazil) _xISSN 0102-0935 _g(Feb 2014), v. 66(1) p. 277-283 _wBR2014004565 |
|
| 909 |
_a202311 _bLúcia _c55 _dLúcia Elande |
||
| 942 |
_2AGRIS _n0 _cANA |
||
| 999 |
_c238326 _d238326 |
||